| 000 | 00660nam a2200229Ia 4500 | ||
|---|---|---|---|
| 003 | OSt | ||
| 005 | 20220923225850.0 | ||
| 006 | a|||||r|||| 00| 0 | ||
| 007 | ta | ||
| 008 | Pun | ||
| 024 | _a275,430 | ||
| 037 | _cTextual | ||
| 040 |
_aARTS _cARTS _bPun |
||
| 041 |
_2Pun _aPun |
||
| 082 | _aO153:gN5, L4 | ||
| 100 | _aਕਾਂਗ, ਕੁਲਬੀਰ ਸਿੰਘ | ||
| 245 | 0 |
_aਪੰਜਾਬੀ ਸਾਹਿਤ _b ਇਕ ਆਧੁਨਿਕ ਚਿੰਤਨ |
|
| 260 | _c1974 | ||
| 650 | _aਪੰਜਾਬੀ ਸਾਹਿਤ | ||
| 942 |
_hO153:gN5, L4 _cTEXL _2CC |
||
| 999 |
_c380942 _d380942 |
||